[Event "Paris-ch op-B 87th"]
[Site "Paris"]
[Date "2012.07.11"]
[Round "5"]
[White "Malara, Franck"]
[Black "Walheim, Pascal"]
[Result "1-0"]
[WhiteElo "1861"]
[BlackElo "1926"]
[PlyCount "87"]
[EventDate "2012.07.07"]
[EventType "swiss"]
[EventRounds "9"]
[EventCountry "FRA"]
[SourceTitle "EXT 2013"]
[Source "ChessBase"]
[SourceDate "2012.11.22"]
[SourceVersion "1"]
[SourceVersionDate "2012.11.22"]
[SourceQuality "1"]

1. e4 c5 2. Nf3 d6 3. Bb5+ Nd7 4. 0-0 Ngf6 5. Re1 e5 6. c3 a6 7. Bf1 Be7 8. d4 Qc7 9. h3 0-0 10. a4 Re8 11. d5 h6 12. Nbd2 Nh7 13. Nc4 Nb6 14. Ne3 a5 15. Bb5 Rf8 16. Nf5 Qd8 17. c4 Bxf5 18. exf5 Bg5 19. Ra3 Bxc1 20. Qxc1 Rb8 21. Nh2 Na8 22. Rg3 Kh8 23. Ng4 Rg8 24. Ne3 Nc7 25. Qd2 Nxb5 26. cxb5 Nf6 27. Nc4 b6 28. Rge3 Nh7 29. f4 f6 30. Rg3 Qd7 31. fxe5 dxe5 32. Rxe5 Ng5 33. Re6 Rgd8 34. Rd3 Nxe6 35. fxe6 Qe8 36. Qe3 Rb7 37. d6 Kg8 38. Qe4 Rbb8 39. Qd5 Kh8 40. Re3 Kh7 41. Qc6 Rdc8 42. Qe4+ Qg6 43. Qxg6+ Kxg6 44. d7 1-0

[Event "Paris-ch op-B 87th"]
[Site "Paris"]
[Date "2012.07.10"]
[Round "4"]
[White "Walheim, Pascal"]
[Black "Vignier, Pascal"]
[Result "0-1"]
[WhiteElo "1926"]
[BlackElo "2056"]
[PlyCount "78"]
[EventDate "2012.07.07"]
[EventType "swiss"]
[EventRounds "9"]
[EventCountry "FRA"]
[SourceTitle "EXT 2013"]
[Source "ChessBase"]
[SourceDate "2012.11.22"]
[SourceVersion "1"]
[SourceVersionDate "2012.11.22"]
[SourceQuality "1"]

1. e4 Nf6 2. e5 Nd5 3. d4 d6 4. c4 Nb6 5. exd6 cxd6 6. Nc3 g6 7. h3 Bg7 8. Nf3 0-0 9. Be2 Nc6 10. 0-0 Bf5 11. Be3 e5 12. d5 Ne7 13. a4 h5 14. Qb3 Bc8 15. a5 Nd7 16. Qb4 Nf5 17. Nb5 Nxe3 18. fxe3 Nc5 19. Nd2 Qg5 20. Nxd6 Qxe3+ 21. Rf2 e4 22. Nf1 Qd4 23. Rd1 Nd3 24. Bxd3 exd3 25. b3 b6 26. Qd2 Qc5 27. Ne4 Qe7 28. Qxd3 Bf5 29. Re2 Bxe4 30. Rxe4 Qc5+ 31. Kh1 Qxa5 32. Rde1 Qc5 33. Nd2 b5 34. Qe3 Qd6 35. Qf4 Qxf4 36. Rxf4 bxc4 37. bxc4 Rac8 38. Re7 a5 39. Rd7 Bh6 0-1